000 00400nam a2200145Ia 4500
008 230718s9999 xx 000 0 und d
041 _aeng
082 _a658.4'0330
_bCHO
100 _aChowdary N.
_9167529
245 _aWorld Class Companies Creating And Sustaining
260 _bIcfai Books
365 _cRs.
_b400.00
700 _aChowdary N.
_9167529
906 _dB:106070149414-Feb-2007
_cIT
_b80
999 _c316224
_d316224